[Event "TUR-chT Clubs"]
[Site "Konya"]
[Date "2019.07.21"]
[Round "9.4"]
[White "Cakiroglu, Metin"]
[Black "Ererdem, Gani Eren"]
[Result "1-0"]
[WhiteElo "1970"]
[BlackElo "2140"]
[PlyCount "71"]
[EventDate "2019.07.16"]
[EventType "team-swiss"]
[EventRounds "9"]
[EventCountry "TUR"]
[SourceTitle "CBM 191 Extra"]
[Source "ChessBase"]
[SourceDate "2019.09.30"]
[SourceVersion "1"]
[SourceVersionDate "2019.09.30"]
[SourceQuality "1"]
[WhiteTeam "Manisa Yunusembre"]
[BlackTeam "Bitlis Dernegi"]
[WhiteTeamCountry "TUR"]
[BlackTeamCountry "TUR"]

1. c4 Nf6 2. Nc3 e5 3. g3 c6 4. Bg2 Bb4 5. a3 Ba5 6. b4 Bc7 7. Qb3 0-0 8. d3 h6 9. Bb2 d6 10. Nf3 Be6 11. 0-0 Nbd7 12. Nd2 d5 13. cxd5 cxd5 14. Nxd5 Nxd5 15. Bxd5 Nc5 16. bxc5 Bxd5 17. Qc2 f5 18. Nc4 Qe7 19. e4 Bc6 20. Ne3 f4 21. Nd5 Qd7 22. Nxc7 Qxc7 23. f3 Kh7 24. g4 Rad8 25. Rad1 Bb5 26. Rd2 Rfe8 27. Rc1 Qe7 28. d4 exd4 29. Rxd4 Qg5 30. Rcd1 Rxd4 31. Rxd4 Qh4 32. Qf2 Qh3 33. Rd5 g6 34. c6 Bxc6 35. Qd4 Rg8 36. Rd7+ 1-0

[Event "TUR-chT2"]
[Site "Konya"]
[Date "2018.07.14"]
[Round "8.15"]
[White "Kiren, Halil"]
[Black "Cakiroglu, Metin"]
[Result "0-1"]
[WhiteElo "1628"]
[BlackElo "1977"]
[PlyCount "78"]
[EventDate "2018.07.10"]
[EventType "team-swiss"]
[EventRounds "9"]
[EventCountry "TUR"]
[SourceTitle "EXT 2019"]
[Source "ChessBase"]
[SourceDate "2018.10.10"]
[SourceVersion "1"]
[SourceVersionDate "2018.10.10"]
[SourceQuality "1"]
[WhiteTeam "Burdur Belediyesi"]
[BlackTeam "Manisa Yunusembre"]
[WhiteTeamCountry "TUR"]
[BlackTeamCountry "TUR"]

1. d4 Nf6 2. Nf3 e6 3. c4 b6 4. Nc3 Bb4 5. Qc2 Bb7 6. a3 Bxc3+ 7. Qxc3 Ne4 8. Qc2 d6 9. g3 Nd7 10. Bg2 d5 11. b3 0-0 12. 0-0 Rc8 13. Nd2 Nxd2 14. Qxd2 Nf6 15. Bb2 Ba6 16. Rac1 Qe7 17. Qg5 Rfd8 18. Rfe1 h6 19. Qh4 Bb7 20. c5 a5 21. f4 Kf8 22. Rc2 a4 23. b4 Ba6 24. Bc1 Ng8 25. Qh3 f5 26. g4 Qf7 27. Bf3 Qg6 28. Rc3 Nf6 29. Qg3 fxg4 30. h3 h5 31. hxg4 hxg4 32. Kf2 Qf5 33. Bg2 Kf7 34. Rh1 Bc4 35. Rh4 Rh8 36. e3 g5 37. Rh1 Nh5 38. e4 Nxg3 39. exf5 Nxh1+ 0-1

[Event "TUR-chT2"]
[Site "Konya"]
[Date "2018.07.12"]
[Round "4.8"]
[White "Cakiroglu, Metin"]
[Black "Taskaya, Muhammed"]
[Result "1-0"]
[WhiteElo "1977"]
[BlackElo "2037"]
[PlyCount "97"]
[EventDate "2018.07.10"]
[EventType "team-swiss"]
[EventRounds "9"]
[EventCountry "TUR"]
[SourceTitle "EXT 2019"]
[Source "ChessBase"]
[SourceDate "2018.10.10"]
[SourceVersion "1"]
[SourceVersionDate "2018.10.10"]
[SourceQuality "1"]
[WhiteTeam "Manisa Yunusembre"]
[BlackTeam "Duzce Duzcespor"]
[WhiteTeamCountry "TUR"]
[BlackTeamCountry "TUR"]

1. c4 Nc6 2. Nc3 e5 3. g3 d6 4. Bg2 Be6 5. d3 h6 6. Rb1 Nf6 7. Nd5 Be7 8. e3 Qd7 9. Ne2 Bh3 10. Bxh3 Qxh3 11. Nxc7+ Kd7 12. Nxa8 Ng4 13. Ng1 Qh5 14. h3 f5 15. Qf3 Nf6 16. Qxh5 Nxh5 17. Nb6+ axb6 18. Bd2 Nf6 19. Ne2 Ra8 20. a3 Ke6 21. Nc3 d5 22. Nxd5 Nxd5 23. cxd5+ Kxd5 24. Ke2 Bf6 25. Bc3 b5 26. Rhd1 Ke6 27. d4 exd4 28. Bxd4 Nxd4+ 29. exd4 Kd5 30. Rbc1 Bxd4 31. Rc7 Re8+ 32. Kf3 Kd6 33. Rxg7 Re4 34. Rd2 Kc5 35. Rf7 Re5 36. Rd7 Re4 37. g4 Be5 38. gxf5 Rf4+ 39. Ke3 Kc6 40. R7d5 Bb8 41. R2d4 Rxd4 42. Kxd4 Ba7+ 43. Ke4 Bxf2 44. f6 Bh4 45. f7 Be7 46. Ke5 Kc7 47. Ke6 Bf8 48. Rxb5 b6 49. Rb3 1-0

[Event "TUR-chT2"]
[Site "Konya"]
[Date "2018.07.12"]
[Round "5.12"]
[White "Ozturkler, Baris"]
[Black "Cakiroglu, Metin"]
[Result "0-1"]
[WhiteElo "2016"]
[BlackElo "1977"]
[PlyCount "64"]
[EventDate "2018.07.10"]
[EventType "team-swiss"]
[EventRounds "9"]
[EventCountry "TUR"]
[SourceTitle "EXT 2019"]
[Source "ChessBase"]
[SourceDate "2018.10.10"]
[SourceVersion "1"]
[SourceVersionDate "2018.10.10"]
[SourceQuality "1"]
[WhiteTeam "Akcakoca Esentepe Okulu"]
[BlackTeam "Manisa Yunusembre"]
[WhiteTeamCountry "TUR"]
[BlackTeamCountry "TUR"]

1. e4 c5 2. Nc3 Nc6 3. f4 g6 4. Nf3 Bg7 5. Bc4 e6 6. 0-0 Nge7 7. d3 0-0 8. Qe1 d5 9. Bb3 Nd4 10. Nxd4 cxd4 11. Ne2 dxe4 12. dxe4 Bd7 13. Ng3 Bc6 14. f5 exf5 15. exf5 Nd5 16. Kh1 Qh4 17. Qf2 Nf6 18. Ne2 Qxf2 19. Rxf2 Ng4 20. Rf4 Rae8 21. Rxg4 Rxe2 22. Bf4 gxf5 23. Rg3 Kh8 24. Bc4 Rxc2 25. Bd3 Rxb2 26. Bxf5 Rf2 27. Bd6 Rd8 28. Bc7 Re8 29. Bd3 Re3 30. Rc1 Rxa2 31. Bc4 Rc2 32. Rd1 Rxc4 0-1

[Event "TUR Cup"]
[Site "Antalya"]
[Date "2017.02.03"]
[Round "10"]
[White "Cakiroglu, Metin"]
[Black "Albay, Koraycan"]
[Result "1-0"]
[WhiteElo "1873"]
[BlackElo "1718"]
[PlyCount "48"]
[EventDate "2017.01.28"]
[EventType "swiss"]
[EventRounds "11"]
[EventCountry "TUR"]
[SourceTitle "CBM 176 Extra"]
[Source "ChessBase"]
[SourceDate "2017.03.02"]
[SourceVersion "1"]
[SourceVersionDate "2017.03.02"]
[SourceQuality "1"]

1. Nf3 d5 2. g3 c5 3. Bg2 Nf6 4. d3 e6 5. 0-0 Be7 6. Nbd2 0-0 7. e4 b6 8. Re1 Bb7 9. c3 Nc6 10. e5 Nd7 11. Nf1 Re8 12. h4 f6 13. exf6 Bxf6 14. Ng5 Nf8 15. Ne3 d4 16. cxd4 Bxd4 17. Ng4 Qe7 18. Bf4 e5 19. Qb3+ Ne6 20. Nxe6 Qf7 21. Nxd4 Nxd4 22. Qxf7+ Kxf7 23. Bxb7 exf4 24. Bxa8 Rxa8 1-0

[Event "TUR Cup"]
[Site "Antalya"]
[Date "2017.01.31"]
[Round "5"]
[White "Yaver, Faik Emre"]
[Black "Cakiroglu, Metin"]
[Result "1-0"]
[WhiteElo "2077"]
[BlackElo "1873"]
[PlyCount "63"]
[EventDate "2017.01.28"]
[EventType "swiss"]
[EventRounds "11"]
[EventCountry "TUR"]
[SourceTitle "CBM 176 Extra"]
[Source "ChessBase"]
[SourceDate "2017.03.02"]
[SourceVersion "1"]
[SourceVersionDate "2017.03.02"]
[SourceQuality "1"]

1. e4 d6 2. d4 Nf6 3. Nc3 e5 4. Nf3 Nbd7 5. Bc4 Be7 6. 0-0 0-0 7. Re1 c6 8. a4 a5 9. h3 Qc7 10. Be3 Nb6 11. Bb3 Nfd7 12. dxe5 dxe5 13. Ng5 Bxg5 14. Bxg5 Nc5 15. Ba2 Be6 16. Be3 Nbd7 17. Qh5 Rad8 18. Bxe6 Nxe6 19. Ne2 Ndc5 20. Ng3 Nd4 21. Bxd4 Rxd4 22. Nf5 Rxa4 23. Rxa4 Nxa4 24. Re3 Kh8 25. Nxg7 f6 26. Nf5 Qf7 27. Qh6 Rg8 28. Qh4 Rg5 29. Rd3 h5 30. f4 Rxf5 31. exf5 e4 32. Rg3 1-0

[Event "TUR Cup"]
[Site "Antalya"]
[Date "2017.01.29"]
[Round "2"]
[White "Cakiroglu, Metin"]
[Black "Sanal, Vahap"]
[Result "0-1"]
[WhiteElo "1873"]
[BlackElo "2475"]
[PlyCount "64"]
[EventDate "2017.01.28"]
[EventType "swiss"]
[EventRounds "11"]
[EventCountry "TUR"]
[SourceTitle "CBM 176 Extra"]
[Source "ChessBase"]
[SourceDate "2017.03.02"]
[SourceVersion "1"]
[SourceVersionDate "2017.03.02"]
[SourceQuality "1"]

1. Nf3 Nf6 2. b3 d5 3. Bb2 c5 4. e3 Nc6 5. Bb5 Bd7 6. 0-0 a6 7. Bxc6 Bxc6 8. Ne5 Qc7 9. d3 b5 10. Nxc6 Qxc6 11. Nd2 g6 12. e4 Bg7 13. exd5 Qxd5 14. Re1 Nh5 15. Qe2 Ra7 16. Bxg7 Nxg7 17. a4 b4 18. Qe5 Qxe5 19. Rxe5 Ne6 20. Rae1 0-0 21. Rd5 Rc8 22. Ree5 Rc6 23. Nf3 Rac7 24. Re2 f6 25. h4 Kf7 26. g3 h6 27. d4 c4 28. Ra5 Rd6 29. h5 g5 30. Rf5 cxb3 31. cxb3 g4 32. d5 Ng7 0-1

[Event "TUR Cup"]
[Site "Antalya"]
[Date "2017.01.28"]
[Round "1"]
[White "Hazar, Yahya"]
[Black "Cakiroglu, Metin"]
[Result "0-1"]
[WhiteElo "1476"]
[BlackElo "1873"]
[PlyCount "119"]
[EventDate "2017.01.28"]
[EventType "swiss"]
[EventRounds "11"]
[EventCountry "TUR"]
[SourceTitle "CBM 176 Extra"]
[Source "ChessBase"]
[SourceDate "2017.03.02"]
[SourceVersion "1"]
[SourceVersionDate "2017.03.02"]
[SourceQuality "1"]

1. e4 b6 2. Nf3 Bb7 3. Nc3 e6 4. d4 Bb4 5. Bd3 Nf6 6. Bg5 h6 7. Bxf6 Qxf6 8. 0-0 Bxc3 9. bxc3 0-0 10. Re1 d6 11. Re3 Nd7 12. Qd2 e5 13. Rae1 Rad8 14. h3 Rfe8 15. d5 Nf8 16. Nh2 Bc8 17. Rf3 Qh4 18. Ree3 Ng6 19. Rg3 Nf4 20. Be2 h5 21. Nf3 Qf6 22. h4 Bg4 23. Rxg4 hxg4 24. Ng5 Qh6 25. g3 Nh3+ 26. Nxh3 gxh3 27. Bg4 b5 28. Qe2 h2+ 29. Kxh2 a6 30. a3 Re7 31. Kg2 Rb8 32. c4 b4 33. Rb3 a5 34. c3 a4 35. Rxb4 Rxb4 36. cxb4 Qc1 37. Qd3 Re8 38. Be2 Qb2 39. Bd1 Rb8 40. Qe3 Qd4 41. Qxd4 exd4 42. f4 Re8 43. Kf3 f5 44. Bc2 Kf7 45. g4 g6 46. g5 Re7 47. Bd3 fxe4+ 48. Bxe4 Re8 49. c5 dxc5 50. bxc5 Rb8 51. f5 gxf5 52. Bxf5 Rb3+ 53. Ke4 d3 54. h5 d2 55. Be6+ Kf8 56. Bg4 Rb1 57. d6 cxd6 58. cxd6 d1Q 59. Bxd1 Rxd1 60. Ke5 0-1

[Event "Kesan op 14th"]
[Site "Kesan"]
[Date "2016.08.15"]
[Round "3"]
[White "Cakiroglu, Metin"]
[Black "Ozen, Deniz"]
[Result "0-1"]
[WhiteElo "1917"]
[BlackElo "2193"]
[PlyCount "130"]
[EventDate "2016.08.14"]
[EventType "swiss"]
[EventRounds "9"]
[EventCountry "TUR"]
[SourceTitle "CBM 173 Extra"]
[Source "ChessBase"]
[SourceDate "2016.08.29"]
[SourceVersion "1"]
[SourceVersionDate "2016.08.29"]
[SourceQuality "1"]

1. Nf3 Nf6 2. g3 d5 3. Bg2 c6 4. 0-0 Bg4 5. d3 Nbd7 6. Nbd2 e5 7. e4 dxe4 8. dxe4 Bc5 9. h3 Bh5 10. g4 Bg6 11. Nh4 0-0 12. Nxg6 hxg6 13. Nb3 Bb6 14. Bd2 Qe7 15. a4 a6 16. Qe2 Rfe8 17. a5 Ba7 18. Qc4 Nf8 19. Nc1 Rad8 20. Bc3 Bd4 21. Ne2 Bxc3 22. Qxc3 N6d7 23. Rad1 g5 24. Ng3 g6 25. Rd2 Ne6 26. Ne2 Qc5 27. Rfd1 Qxc3 28. Nxc3 Nf6 29. Na4 Rxd2 30. Rxd2 Rd8 31. Rxd8+ Nxd8 32. Nc5 Kf8 33. Bf1 Ke7 34. b4 Nd7 35. Bc4 Kd6 36. Nxd7 Kxd7 37. Kf1 c5 38. b5 axb5 39. Bxb5+ Nc6 40. a6 bxa6 41. Bxa6 Nb4 42. Bb5+ Kd6 43. Ba4 c4 44. Ke2 c3 45. Bb3 f6 46. Bf7 Kc5 47. Ke3 Na6 48. Bxg6 Kb4 49. f4 exf4+ 50. Kf3 Nc7 51. h4 gxh4 52. Bf5 h3 53. e5 fxe5 54. g5 h2 55. Kg2 Ne8 56. Kxh2 Ng7 57. Bd3 Kc5 58. Kg2 Kd4 59. Kf3 Kd5 60. g6 Ke6 61. Ke4 Nf5 62. Kf3 Nd6 63. Kg4 Kf6 64. Kh5 Kg7 65. Kg5 e4 0-1

[Event "TUR-ch U20"]
[Site "Canakkale"]
[Date "2016.06.28"]
[Round "2"]
[White "Nazikkol, Sadik Can"]
[Black "Cakiroglu, Metin"]
[Result "1/2-1/2"]
[WhiteElo "1612"]
[BlackElo "1945"]
[PlyCount "45"]
[EventDate "2016.06.27"]
[EventType "swiss"]
[EventRounds "9"]
[EventCountry "TUR"]
[SourceTitle "CBM 173 Extra"]
[Source "ChessBase"]
[SourceDate "2016.08.29"]
[SourceVersion "1"]
[SourceVersionDate "2016.08.29"]
[SourceQuality "1"]

1. e4 Nf6 2. Nc3 d5 3. exd5 Nxd5 4. Bc4 Nb6 5. Bb3 Nc6 6. Nf3 Bf5 7. d4 e6 8. 0-0 Be7 9. Be3 Na5 10. Qe2 c6 11. Rfd1 0-0 12. Na4 Nxb3 13. axb3 Nd5 14. c4 Nxe3 15. Qxe3 Qc7 16. h3 Rad8 17. Nc3 Bc2 18. Rdc1 Bxb3 19. Ne2 Qb6 20. Rc3 Bxc4 21. Rxc4 Qxb2 22. Rxa7 Ra8 23. Rca4 1/2-1/2

[Event "TUR Cup 1516"]
[Site "Manavgat"]
[Date "2016.02.06"]
[Round "11"]
[White "Cakiroglu, Metin"]
[Black "Demir, Baran"]
[Result "1/2-1/2"]
[WhiteElo "1878"]
[BlackElo "1812"]
[PlyCount "45"]
[EventDate "2016.01.30"]
[EventType "swiss"]
[EventRounds "11"]
[EventCountry "TUR"]
[SourceTitle "EXT 2018"]
[Source "ChessBase"]
[SourceDate "2017.10.13"]
[SourceVersion "1"]
[SourceVersionDate "2017.10.13"]
[SourceQuality "1"]

1. b3 e5 2. Bb2 d6 3. g3 g6 4. Bg2 Bg7 5. e3 Ne7 6. Ne2 0-0 7. 0-0 Nbc6 8. c4 Bf5 9. d4 Qd7 10. e4 Bh3 11. d5 Nd8 12. Qd3 Bxg2 13. Kxg2 f5 14. Nd2 f4 15. f3 g5 16. g4 b6 17. b4 a5 18. a3 Nb7 19. Qc2 h6 20. Rfb1 Rfb8 21. Nc1 Ra7 22. Nd3 Rba8 23. Rc1 1/2-1/2

[Event "Manavgat Turkey Cup"]
[Site "Manavgat"]
[Date "2016.02.03"]
[Round "7"]
[White "Cakiroglu, Metin"]
[Black "Sari, Yasin"]
[Result "0-1"]
[WhiteElo "1878"]
[BlackElo "2088"]
[PlyCount "60"]
[EventDate "2016.01.30"]
[EventType "swiss"]
[EventRounds "11"]
[EventCountry "TUR"]
[SourceTitle "CBM 170 Extra"]
[Source "ChessBase"]
[SourceDate "2016.02.25"]
[SourceVersion "1"]
[SourceVersionDate "2016.02.25"]
[SourceQuality "1"]

1. e4 c5 2. Nc3 a6 3. g3 b5 4. d3 Bb7 5. Be3 e6 6. Qd2 d5 7. exd5 Nf6 8. Bg2 Nxd5 9. Nf3 Nxe3 10. fxe3 Qc7 11. 0-0 Bd6 12. e4 Nd7 13. Qg5 0-0 14. Rae1 Ne5 15. Ne2 Nxf3+ 16. Bxf3 Be5 17. b3 Rad8 18. Nf4 h6 19. Qg4 c4 20. dxc4 bxc4 21. Rd1 Kh8 22. Bg2 cxb3 23. cxb3 Qc2 24. Rxd8 Rxd8 25. Qh5 Bxf4 26. gxf4 Rd2 27. Qf3 f5 28. Rf2 fxe4 29. Qe3 Rxf2 30. Qxf2 Qxf2+ 0-1

[Event "TUR-ch"]
[Site "Kemer"]
[Date "2012.02.05"]
[Round "10"]
[White "Cakiroglu, Metin"]
[Black "Ceylan, Metin"]
[Result "0-1"]
[WhiteElo "1742"]
[BlackElo "1910"]
[PlyCount "124"]
[EventDate "2012.01.29"]
[EventType "swiss"]
[EventRounds "10"]
[EventCountry "TUR"]
[SourceTitle "CBM 146 Extra"]
[Source "ChessBase"]
[SourceDate "2012.02.29"]
[SourceVersion "1"]
[SourceVersionDate "2012.02.29"]
[SourceQuality "1"]

1. e4 e5 2. Nf3 Nf6 3. Nxe5 d6 4. Nf3 Nxe4 5. Nc3 Nxc3 6. dxc3 Be7 7. Bd3 Bg4 8. Bf4 Nd7 9. Qd2 Nc5 10. 0-0-0 c6 11. h3 Be6 12. Kb1 Qa5 13. a3 0-0 14. Nd4 Na4 15. Nxe6 fxe6 16. Qe3 e5 17. Bg3 Bf6 18. h4 Rfe8 19. Qe4 h6 20. Qh7+ Kf8 21. Bc4 d5 22. Rhe1 Rad8 23. Bb3 Nc5 24. f3 b5 25. Qf5 Nxb3 26. cxb3 Qc7 27. Re2 Re7 28. Rde1 Rde8 29. b4 Kf7 30. h5 Qd6 31. Bf2 Qd7 32. Qg6+ Kg8 33. Be3 Re6 34. Qg4 Rd6 35. Qg3 Kh8 36. Bc5 Qf5+ 37. Ka1 Rde6 38. Bxa7 Qxh5 39. Qf2 Qf5 40. g4 Qf4 41. Be3 Qc4 42. Qh2 Kg8 43. Bd4 exd4 44. Rxe6 Rxe6 45. Rxe6 dxc3 46. Rxf6 c2 47. Qb8+ Kh7 48. Rxh6+ Kxh6 49. Qh8+ Kg6 50. Qh5+ Kf6 51. Qf5+ Ke7 52. Qe5+ Kd8 53. Qd6+ Kc8 54. Qe6+ Kd8 55. Qd6+ Ke8 56. Qe6+ Kf8 57. Qc8+ Ke7 58. Qc7+ Ke6 59. Qc8+ Ke5 60. Qf5+ Kd4 61. Qf4+ Kd3 62. Qc1 Kd4 0-1

[Event "TUR-ch"]
[Site "Kemer"]
[Date "2012.01.29"]
[Round "1"]
[White "Erdogdu, Mert"]
[Black "Cakiroglu, Metin"]
[Result "1-0"]
[WhiteElo "2424"]
[BlackElo "1742"]
[PlyCount "87"]
[EventDate "2012.01.29"]
[EventType "swiss"]
[EventRounds "10"]
[EventCountry "TUR"]
[SourceTitle "CBM 146 Extra"]
[Source "ChessBase"]
[SourceDate "2012.02.29"]
[SourceVersion "1"]
[SourceVersionDate "2012.02.29"]
[SourceQuality "1"]

1. e4 Nf6 2. e5 Nd5 3. d4 d6 4. c4 Nb6 5. exd6 exd6 6. Nc3 Nc6 7. Be3 Be7 8. Bd3 0-0 9. Nf3 Bg4 10. h3 Bh5 11. g4 Bg6 12. h4 d5 13. c5 Nc4 14. Bc1 Re8 15. Kf1 Bxd3+ 16. Qxd3 Nb4 17. Qd1 Qd7 18. b3 Qxg4 19. bxc4 Nc2 20. Rb1 Bf6 21. Rb2 Nxd4 22. Nxd4 Qxd4 23. Qxd4 Bxd4 24. Nxd5 Bxb2 25. Bxb2 f6 26. Nxc7 Rac8 27. Nxe8 Rxe8 28. Rg1 Re4 29. Bxf6 g6 30. h5 Kf7 31. hxg6+ hxg6 32. Bg5 Rxc4 33. Be3 b6 34. cxb6 axb6 35. Rg5 Ra4 36. Rb5 Rxa2 37. Rxb6 Ra5 38. Kg2 Rd5 39. Kg3 Kg7 40. Kg4 Rd7 41. Bg5 Rd4+ 42. f4 Rd7 43. Bf6+ Kf7 44. Be5 1-0

[Event "Bursa op 07"]
[Site "Bursa"]
[Date "2011.07.17"]
[Round "5"]
[White "Cakiroglu, Metin"]
[Black "Ozkan, Hakan"]
[Result "0-1"]
[WhiteElo "1755"]
[BlackElo "1977"]
[PlyCount "68"]
[EventDate "2011.07.15"]
[EventType "swiss"]
[EventRounds "7"]
[EventCountry "TUR"]
[SourceTitle "EXT 2012"]
[Source "ChessBase"]
[SourceDate "2011.11.24"]
[SourceVersion "1"]
[SourceVersionDate "2011.11.24"]
[SourceQuality "1"]

1. e4 e5 2. Nf3 Nc6 3. Bc4 Bc5 4. c3 Nf6 5. d4 exd4 6. e5 d5 7. Bb5 Ne4 8. cxd4 Bb4+ 9. Bd2 Bxd2+ 10. Nbxd2 0-0 11. Bxc6 bxc6 12. Qc2 Nxd2 13. Nxd2 Qg5 14. g3 Qh5 15. 0-0 Rb8 16. f4 Bf5 17. Qc3 Rb6 18. Nb3 Rfb8 19. Rf2 Qg6 20. Rc1 h5 21. Nc5 h4 22. b3 Bh3 23. Re1 Bf5 24. Rfe2 Re8 25. Re3 Bc8 26. Kh1 Qg4 27. Qd2 g6 28. Qf2 Rb4 29. Rc3 Kg7 30. gxh4 Rh8 31. a3 Rb8 32. Rg3 Qxh4 33. f5 Bxf5 34. Qxf5 Qxh2# 0-1

[Event "Bursa op 07"]
[Site "Bursa"]
[Date "2011.07.16"]
[Round "2"]
[White "Korkmaz, Necmettin"]
[Black "Cakiroglu, Metin"]
[Result "1-0"]
[WhiteElo "2189"]
[BlackElo "1755"]
[PlyCount "71"]
[EventDate "2011.07.15"]
[EventType "swiss"]
[EventRounds "7"]
[EventCountry "TUR"]
[SourceTitle "EXT 2012"]
[Source "ChessBase"]
[SourceDate "2011.11.24"]
[SourceVersion "1"]
[SourceVersionDate "2011.11.24"]
[SourceQuality "1"]

1. e4 e6 2. d4 d5 3. e5 c5 4. c3 Nc6 5. Nf3 Qb6 6. Be2 cxd4 7. cxd4 Bd7 8. Nc3 Nge7 9. Na4 Qc7 10. Bd2 Nf5 11. Rc1 Qd8 12. Bg5 Qa5+ 13. Kf1 h6 14. Bd2 Qd8 15. Be1 g5 16. g4 Nh4 17. Nxh4 gxh4 18. f4 Bb4 19. Bf2 Qa5 20. a3 Be7 21. Nc5 Bxc5 22. Rxc5 Qd8 23. b4 b6 24. Rc3 Rc8 25. Qe1 Ne7 26. Bxh4 Rxc3 27. Qxc3 Qc8 28. Qxc8+ Bxc8 29. Kf2 Nc6 30. Rc1 Kd7 31. Ke3 Bb7 32. Bf6 Rc8 33. h4 a6 34. h5 Na7 35. g5 hxg5 36. fxg5 1-0

[Event "Bursa op 06"]
[Site "Bursa"]
[Date "2011.06.26"]
[Round "7"]
[White "Cebelli, Ozel"]
[Black "Cakiroglu, Metin"]
[Result "1/2-1/2"]
[WhiteElo "2130"]
[BlackElo "1755"]
[PlyCount "103"]
[EventDate "2011.06.24"]
[EventType "swiss"]
[EventRounds "7"]
[EventCountry "TUR"]
[SourceTitle "EXT 2012"]
[Source "ChessBase"]
[SourceDate "2011.11.24"]
[SourceVersion "1"]
[SourceVersionDate "2011.11.24"]
[SourceQuality "1"]

1. e4 e6 2. Nc3 d5 3. exd5 exd5 4. d4 Nf6 5. Nf3 Bb4 6. Bg5 0-0 7. Be2 Bg4 8. 0-0 c6 9. Ne5 Bxe2 10. Nxe2 Qd6 11. c3 Ba5 12. b4 Bc7 13. Ng3 Ne4 14. Nf5 Qe6 15. Qg4 h5 16. Ne7+ Qxe7 17. Bxe7 hxg4 18. Bxf8 Kxf8 19. Nxg4 Nxc3 20. Rfe1 Nd7 21. Re3 Nb5 22. Rd1 Bb6 23. Red3 Re8 24. f3 Nxd4 25. Rxd4 Bxd4+ 26. Rxd4 Re2 27. a4 f5 28. Kf1 Ra2 29. Ne3 Rxa4 30. Nxf5 Ne5 31. b5 Rxd4 32. Nxd4 cxb5 33. Nxb5 Nc6 34. Ke2 Ke7 35. f4 Kd7 36. g4 a6 37. Nc3 Kd6 38. h4 b5 39. h5 Nd4+ 40. Kd3 Ne6 41. Ne2 a5 42. g5 b4 43. h6 gxh6 44. gxh6 Nf8 45. Nd4 a4 46. f5 a3 47. Kc2 Ke5 48. Nc6+ Kxf5 49. Nxb4 Kg6 50. Nxd5 a2 51. Kb2 Kxh6 52. Kxa2 1/2-1/2

[Event "TUR-ch"]
[Site "Kemer"]
[Date "2011.02.13"]
[Round "10"]
[White "Yelken, Mustafa"]
[Black "Cakiroglu, Metin"]
[Result "1-0"]
[WhiteElo "2025"]
[BlackElo "1697"]
[PlyCount "53"]
[EventDate "2011.02.05"]
[EventType "swiss"]
[EventRounds "10"]
[EventCountry "TUR"]
[SourceTitle "CBM 140 Extra"]
[Source "ChessBase"]
[SourceDate "2011.03.01"]
[SourceVersion "1"]
[SourceVersionDate "2011.03.01"]
[SourceQuality "1"]

1. e4 c5 2. Nf3 Nc6 3. c4 e6 4. Nc3 Nf6 5. d4 cxd4 6. Nxd4 Bb4 7. Nxc6 dxc6 8. Qxd8+ Kxd8 9. Bd2 e5 10. 0-0-0 Ke7 11. f3 Be6 12. g4 Rhd8 13. g5 Nd7 14. Nd5+ Bxd5 15. Bxb4+ c5 16. Bxc5+ Nxc5 17. Rxd5 Rxd5 18. cxd5 Rc8 19. Kd2 Na4 20. b3 Nb6 21. Bh3 Rc5 22. Rf1 Ra5 23. a4 Nxa4 24. bxa4 Rxa4 25. Rc1 b5 26. Rc7+ Kd6 27. Rc6+ 1-0